Envisioning an empowered nation : (Record no. 8965)

MARC details
000 -LEADER
fixed length control field 00612cam a2200217ua 4500
001 - CONTROL NUMBER
control field 9970
005 - DATE AND TIME OF LATEST TRANSACTION
control field 20260515114541.0
008 - FIXED-LENGTH DATA ELEMENTS--GENERAL INFORMATION
fixed length control field 170228n ii |||gr||||Z||||||eng
020 ## - INTERNATIONAL STANDARD BOOK NUMBER
International Standard Book Number 0070531544
040 ## - CATALOGING SOURCE
Transcribing agency MAIN
041 ## - LANGUAGE CODE
Language code of text/sound track or separate title eng
082 ## - DEWEY DECIMAL CLASSIFICATION NUMBER
Classification number 600
100 ## - MAIN ENTRY--PERSONAL NAME
Personal name Kalam, APJ Abdul,
Relator term Author.
245 ## - TITLE STATEMENT
Title Envisioning an empowered nation :
Remainder of title technology for societal transformation /
Statement of responsibility, etc. By APJ Abdul Kalam and A Sivathanu Pillai .
250 ## - EDITION STATEMENT
Edition statement 1st ed.
260 ## - PUBLICATION, DISTRIBUTION, ETC.
Place of publication, distribution, etc. New Delhi:
Name of publisher, distributor, etc. Tata McGraw hill,
Date of publication, distribution, etc. 2004.
300 ## - PHYSICAL DESCRIPTION
Extent 255p.
653 ## - INDEX TERM--UNCONTROLLED
Uncontrolled term Technology
700 ## - ADDED ENTRY--PERSONAL NAME
Personal name Pillai, A Sivathanu,
Relator term Author.
942 ## - ADDED ENTRY ELEMENTS (KOHA)
Koha item type Books
Holdings
Withdrawn status Lost status Damaged status Not for loan Home library Current library Shelving location Date acquired Total checkouts Full call number Barcode Date last seen Copy number Price effective from Koha item type
        Naharkatiya College Library Naharkatiya College Library General stacks 09/19/2020   600 | KAL 23593 09/19/2020 1 09/19/2020 Books